[Event "GER-chA Seniors 28th"]
[Site "Niederhausen"]
[Date "2016.08.20"]
[Round "8"]
[White "Schlinkert, Karl"]
[Black "Zimmermann, Manfred"]
[Result "1-0"]
[WhiteElo "2121"]
[BlackElo "1966"]
[PlyCount "135"]
[EventDate "2016.08.13"]
[EventType "swiss"]
[EventRounds "9"]
[EventCountry "GER"]
[SourceTitle "EXT 2019"]
[Source "ChessBase"]
[SourceDate "2018.10.10"]
[SourceVersion "1"]
[SourceVersionDate "2018.10.10"]
[SourceQuality "1"]

1. Nf3 d5 2. c4 e6 3. g3 Nf6 4. Bg2 Be7 5. d4 0-0 6. 0-0 c6 7. b3 Ne4 8. Bb2 Nd7 9. Nfd2 f5 10. e3 Bf6 11. f3 Ng5 12. cxd5 exd5 13. Qc2 Nb6 14. Nc3 Re8 15. Rae1 Bd7 16. Nd1 Be6 17. Nf2 Qd7 18. Nd3 Rad8 19. Nc5 Qc8 20. Ba1 Re7 21. Qd3 Rde8 22. e4 dxe4 23. fxe4 fxe4 24. Ndxe4 Nxe4 25. Nxe4 Rf8 26. Nxf6+ gxf6 27. Qd2 Ref7 28. Qh6 Bf5 29. Rf4 Nd5 30. Rh4 Qd7 31. Qh5 Bg6 32. Qd1 Rd8 33. Bh3 Bf5 34. Bg2 Re7 35. Bxd5+ cxd5 36. Rf1 Qe6 37. Qf3 Bg6 38. Qxf6 Qe3+ 39. Qf2 Rde8 40. Rf4 Kg7 41. Bb2 Re4 42. Qxe3 Rxe3 43. Ba3 h6 44. Bd6 Re1 45. Be5+ R1xe5 46. dxe5 Rxe5 47. Rc1 Re7 48. Rc8 Be8 49. Kf2 h5 50. Rd8 Bf7 51. h4 Kg6 52. Rd6+ Kg7 53. g4 hxg4 54. Rxg4+ Kh7 55. Rg5 Rc7 56. Ke3 Re7+ 57. Kf3 Be8 58. Kg3 Bc6 59. Rf6 Re3+ 60. Rf3 Re7 61. a3 a6 62. Kf2 Rd7 63. Ke1 d4 64. Rf4 d3 65. Kd2 Bb5 66. a4 Bc6 67. Rg3 b5 68. Rxd3 1-0

[Event "GER-chA Seniors 28th"]
[Site "Niederhausen"]
[Date "2016.08.13"]
[Round "1"]
[White "Schlinkert, Karl"]
[Black "Gerhards, Walter"]
[Result "1-0"]
[WhiteElo "2121"]
[BlackElo "1916"]
[PlyCount "101"]
[EventDate "2016.08.13"]
[EventType "swiss"]
[EventRounds "9"]
[EventCountry "GER"]
[SourceTitle "EXT 2019"]
[Source "ChessBase"]
[SourceDate "2018.10.10"]
[SourceVersion "1"]
[SourceVersionDate "2018.10.10"]
[SourceQuality "1"]

1. Nf3 Nf6 2. c4 e6 3. g3 d5 4. Bg2 Nbd7 5. d4 Bb4+ 6. Bd2 Bxd2+ 7. Nbxd2 0-0 8. Qc2 c6 9. 0-0 Re8 10. Rad1 b6 11. Rfe1 Bb7 12. h3 Rc8 13. Qb1 Qe7 14. Ne5 c5 15. cxd5 exd5 16. Nxd7 Qxd7 17. Nf3 Ne4 18. e3 Qf5 19. Rf1 Ba6 20. Rfe1 Re6 21. dxc5 bxc5 22. g4 Qf6 23. Rxd5 g6 24. Qc2 Bb7 25. Rd7 Nd6 26. Nd2 Bxg2 27. Kxg2 h5 28. Rxd6 Rxd6 29. Ne4 Qe7 30. Nxd6 Qxd6 31. Rd1 Qc6+ 32. f3 hxg4 33. hxg4 Qe6 34. Qc3 f6 35. g5 Qxa2 36. Qxf6 Qf7 37. Qxf7+ Kxf7 38. Rd7+ Ke6 39. Rxa7 Rb8 40. Ra2 Kd5 41. Kg3 Kc4 42. Ra6 Rxb2 43. Rxg6 Kd5 44. e4+ Ke5 45. Rc6 Rc2 46. g6 Rc1 47. g7 Kd4 48. Kf4 Rg1 49. Rc7 c4 50. Kf5 c3 51. Kf6 1-0

[Event "Hessen-ch Seniors op 12th"]
[Site "Bad Sooden-Allendorf"]
[Date "2016.04.30"]
[Round "1"]
[White "Schmieder, Wolfgang Ernst"]
[Black "Schlinkert, Karl"]
[Result "0-1"]
[WhiteElo "1833"]
[BlackElo "2109"]
[PlyCount "86"]
[EventDate "2016.04.30"]
[EventType "swiss"]
[EventRounds "9"]
[EventCountry "GER"]
[SourceTitle "EXT 2019"]
[Source "ChessBase"]
[SourceDate "2018.10.10"]
[SourceVersion "1"]
[SourceVersionDate "2018.10.10"]
[SourceQuality "1"]

1. c4 Nf6 2. Nc3 c5 3. Nf3 Nc6 4. d4 cxd4 5. Nxd4 d6 6. Nxc6 bxc6 7. g3 Qc7 8. Bg2 Bd7 9. b3 g6 10. Bb2 Bg7 11. 0-0 0-0 12. e4 Rab8 13. Qe2 Qa5 14. Rfe1 Ng4 15. Na4 h5 16. Bxg7 Kxg7 17. Qb2+ f6 18. Qc3 Qc7 19. h3 Ne5 20. f4 Nf7 21. Qe3 Qa5 22. Kh2 g5 23. Rac1 Qc7 24. Nc3 a5 25. Ne2 a4 26. Rc3 axb3 27. axb3 Ra8 28. Nd4 Ra2 29. Re2 Rfa8 30. Rcc2 Ra1 31. Rc1 e5 32. Nf5+ Bxf5 33. exf5 g4 34. Ree1 R1a2 35. Re2 Nh6 36. Be4 gxh3 37. Kxh3 Ng4 38. Qf3 Qb6 39. Rcc2 Rxc2 40. Rxc2 Ra1 41. Qg2 exf4 42. gxf4 Qe3+ 43. Bf3 Rg1 0-1

[Event "GER-chT Seniors 17th"]
[Site "Berlin"]
[Date "2008.09.02"]
[Round "3"]
[White "Salov, Sergej"]
[Black "Schlinkert, Karl"]
[Result "1-0"]
[WhiteElo "2284"]
[BlackElo "2136"]
[PlyCount "61"]
[EventDate "2008.08.31"]
[EventType "team-swiss"]
[EventRounds "7"]
[EventCountry "GER"]
[SourceTitle "CBM 126 Extra"]
[Source "ChessBase"]
[SourceDate "2008.11.05"]
[SourceVersion "1"]
[SourceVersionDate "2008.11.05"]
[SourceQuality "1"]

1. e4 c5 2. Nf3 d6 3. d4 cxd4 4. Nxd4 Nf6 5. Nc3 a6 6. Bg5 e5 7. Nf5 Bxf5 8. exf5 Be7 9. Bxf6 Bxf6 10. Nd5 Nc6 11. c3 0-0 12. g3 Re8 13. Bg2 e4 14. 0-0 Re5 15. Re1 Rxf5 16. Bxe4 Re5 17. Qd3 g6 18. f4 Rxd5 19. Bxd5 Qb6+ 20. Kh1 Ne7 21. Re2 Rc8 22. Rae1 Rc7 23. g4 Bh4 24. Rd1 Rc5 25. Bg2 d5 26. Qh3 Qb5 27. Rdd2 Bf6 28. g5 Bxc3 29. bxc3 Rxc3 30. Qxc3 Qb1+ 31. Rd1 1-0

[Event "GER-chT Seniors 17th"]
[Site "Berlin"]
[Date "2008.08.31"]
[Round "1"]
[White "Schlinkert, Karl"]
[Black "Werner, Clemens"]
[Result "0-1"]
[WhiteElo "2136"]
[BlackElo "2315"]
[PlyCount "72"]
[EventDate "2008.08.31"]
[EventType "team-swiss"]
[EventRounds "7"]
[EventCountry "GER"]
[SourceTitle "CBM 126 Extra"]
[Source "ChessBase"]
[SourceDate "2008.11.05"]
[SourceVersion "1"]
[SourceVersionDate "2008.11.05"]
[SourceQuality "1"]

1. d4 Nf6 2. Nf3 g6 3. c4 Bg7 4. Nc3 0-0 5. e4 d6 6. Be2 e5 7. 0-0 Na6 8. Rb1 exd4 9. Nxd4 Nc5 10. f3 a5 11. Be3 Bd7 12. Qd2 Re8 13. Rfd1 Nh5 14. Bf1 f5 15. exf5 gxf5 16. Nc2 Be6 17. Nd5 Bf7 18. Bg5 Qd7 19. Nd4 Kh8 20. Kh1 Bg6 21. g3 Qf7 22. Rbc1 Nf6 23. Nf4 Nfe4 24. fxe4 Nxe4 25. Qg2 Nxg5 26. Qxb7 Rab8 27. Qg2 Ne4 28. Rc2 a4 29. Nb5 Be5 30. Nd4 Bxf4 31. gxf4 Bh5 32. Be2 Rg8 33. Qf1 Bxe2 34. Qxe2 Rg4 35. Rg1 Rxg1+ 36. Kxg1 Qg7+ 0-1

[Event "Niedersachsen-ch Seniors 42th"]
[Site "Sottrum"]
[Date "2008.04.18"]
[Round "9"]
[White "Schlinkert, Karl"]
[Black "Schallueck, Hans Christian"]
[Result "1/2-1/2"]
[WhiteElo "2017"]
[BlackElo "1714"]
[PlyCount "74"]
[EventDate "2008.04.10"]
[EventType "swiss"]
[EventRounds "9"]
[EventCountry "GER"]
[SourceTitle "EXT 2022"]
[Source "ChessBase"]
[SourceDate "2021.10.06"]
[SourceVersion "1"]
[SourceVersionDate "2021.10.06"]
[SourceQuality "1"]

1. Nf3 b6 2. g3 Bb7 3. Bg2 Nf6 4. c4 e6 5. 0-0 Be7 6. Nc3 0-0 7. d4 d5 8. b3 Nbd7 9. cxd5 Nxd5 10. Bb2 Rb8 11. Rc1 a6 12. Re1 Bb4 13. Qd3 Nxc3 14. Bxc3 Bxc3 15. Qxc3 c5 16. Rcd1 Qe7 17. Rd2 Rfd8 18. Red1 Bxf3 19. Bxf3 a5 20. Qe3 Nf8 21. Qf4 g5 22. Qe4 f5 23. Qb1 cxd4 24. Rxd4 Ng6 25. Qb2 Rxd4 26. Qxd4 e5 27. Qc3 e4 28. Bg2 Rd8 29. Rc1 Qd6 30. e3 Kf7 31. Bf1 h5 32. Be2 g4 33. Rd1 Qc5 34. Qxc5 bxc5 35. Bc4+ Ke7 36. Rc1 Rd2 37. Kf1 Ne5 1/2-1/2

[Event "Niedersachsen-ch Seniors 42th"]
[Site "Sottrum"]
[Date "2008.04.13"]
[Round "4"]
[White "Hellwege, Werner"]
[Black "Schlinkert, Karl"]
[Result "0-1"]
[WhiteElo "1865"]
[BlackElo "2017"]
[PlyCount "50"]
[EventDate "2008.04.10"]
[EventType "swiss"]
[EventRounds "9"]
[EventCountry "GER"]
[SourceTitle "EXT 2022"]
[Source "ChessBase"]
[SourceDate "2021.10.06"]
[SourceVersion "1"]
[SourceVersionDate "2021.10.06"]
[SourceQuality "1"]

1. d4 Nf6 2. Nf3 d5 3. g3 e6 4. Bg2 Nbd7 5. 0-0 Be7 6. c4 c6 7. Nc3 0-0 8. b3 Re8 9. Qc2 b6 10. cxd5 exd5 11. Bd2 Bb7 12. Rfd1 Bb4 13. Na4 Bxd2 14. Rxd2 Ne4 15. Rdd1 Rc8 16. e3 b5 17. Nb2 b4 18. Nd3 a5 19. Nfe5 Nxe5 20. Nxe5 Nc3 21. Re1 c5 22. Nd3 cxd4 23. exd4 Ne2+ 24. Qxe2 Rxe2 25. Rxe2 Ba6 0-1

[Event "Niedersachsen-ch Seniors 42th"]
[Site "Sottrum"]
[Date "2008.04.10"]
[Round "1"]
[White "Schlinkert, Karl"]
[Black "Spindler, Egbert"]
[Result "1-0"]
[WhiteElo "2017"]
[BlackElo "1683"]
[PlyCount "63"]
[EventDate "2008.04.10"]
[EventType "swiss"]
[EventRounds "9"]
[EventCountry "GER"]
[SourceTitle "EXT 2022"]
[Source "ChessBase"]
[SourceDate "2021.10.06"]
[SourceVersion "1"]
[SourceVersionDate "2021.10.06"]
[SourceQuality "1"]

1. Nf3 d5 2. d4 Nf6 3. c4 c6 4. Nc3 g6 5. Bg5 Bg7 6. e3 Bg4 7. h3 Bf5 8. Qb3 Qb6 9. Qxb6 axb6 10. Bxf6 Bxf6 11. cxd5 0-0 12. Be2 Na6 13. dxc6 bxc6 14. 0-0 Bg7 15. Rac1 Rfe8 16. Rfd1 Nc7 17. a3 Bd7 18. Bc4 Rec8 19. Ne2 Kf8 20. Ng5 Ne6 21. Bxe6 Bxe6 22. Nxh7+ Kg8 23. Ng5 Bd7 24. Nf3 f6 25. Rd3 g5 26. Nd2 Kf7 27. Rb3 Ra6 28. d5 c5 29. e4 f5 30. Nc3 g4 31. hxg4 fxg4 32. Nc4 1-0

[Event "Mecklenburg VP-ch Seniors op 07th"]
[Site "Plau am See"]
[Date "2007.10.12"]
[Round "9"]
[White "Schlinkert, Karl"]
[Black "Meier, Wolfgang"]
[Result "1/2-1/2"]
[WhiteElo "2044"]
[BlackElo "2097"]
[PlyCount "22"]
[EventDate "2007.10.04"]
[EventType "swiss"]
[EventRounds "9"]
[EventCountry "GER"]
[SourceTitle "EXT 2022"]
[Source "ChessBase"]
[SourceDate "2021.10.06"]
[SourceVersion "1"]
[SourceVersionDate "2021.10.06"]
[SourceQuality "1"]

1. d4 Nf6 2. c4 g6 3. Nc3 d5 4. cxd5 Nxd5 5. e4 Nxc3 6. bxc3 Bg7 7. Nf3 c5 8. Be2 0-0 9. 0-0 Nc6 10. d5 Ne5 11. Nxe5 Bxe5 1/2-1/2

[Event "Mecklenburg VP-ch Seniors op 07th"]
[Site "Plau am See"]
[Date "2007.10.06"]
[Round "3"]
[White "Schlinkert, Karl"]
[Black "Bernhart, Ernst"]
[Result "1-0"]
[WhiteElo "2044"]
[BlackElo "1669"]
[PlyCount "69"]
[EventDate "2007.10.04"]
[EventType "swiss"]
[EventRounds "9"]
[EventCountry "GER"]
[SourceTitle "EXT 2022"]
[Source "ChessBase"]
[SourceDate "2021.10.06"]
[SourceVersion "1"]
[SourceVersionDate "2021.10.06"]
[SourceQuality "1"]

1. d4 d5 2. c4 c6 3. Nc3 Nf6 4. Nf3 e6 5. e3 Bb4 6. Qc2 Nbd7 7. Bd2 c5 8. Bd3 cxd4 9. exd4 dxc4 10. Bxc4 Nb6 11. Be2 Bd7 12. 0-0 Rc8 13. Qb3 Bxc3 14. Bxc3 0-0 15. Qa3 Bc6 16. Ne5 Nfd5 17. Bd2 f5 18. Rac1 Be8 19. Qg3 Rxc1 20. Rxc1 f4 21. Qh3 Rf6 22. Ng4 Rf8 23. Bd3 h6 24. Ne5 Qf6 25. Be4 g5 26. Ba5 g4 27. Nxg4 Qxd4 28. Nxh6+ Kg7 29. Qxe6 Qxb2 30. Rb1 Qd4 31. Nf5+ Rxf5 32. Qxf5 Nf6 33. Qg5+ Kh8 34. Re1 Nxe4 35. Rxe4 1-0

[Event "Mecklenburg VP-ch Seniors op 07th"]
[Site "Plau am See"]
[Date "2007.10.04"]
[Round "1"]
[White "Schlinkert, Karl"]
[Black "Schneider, Miloca"]
[Result "1-0"]
[WhiteElo "2044"]
[BlackElo "1819"]
[PlyCount "63"]
[EventDate "2007.10.04"]
[EventType "swiss"]
[EventRounds "9"]
[EventCountry "GER"]
[SourceTitle "EXT 2022"]
[Source "ChessBase"]
[SourceDate "2021.10.06"]
[SourceVersion "1"]
[SourceVersionDate "2021.10.06"]
[SourceQuality "1"]

1. d4 d5 2. c4 e6 3. Nf3 Nf6 4. e3 Nbd7 5. Nc3 c6 6. Be2 Be7 7. 0-0 0-0 8. b3 Bd6 9. Qc2 e5 10. cxd5 cxd5 11. dxe5 Nxe5 12. Bb2 Be6 13. Rac1 Rc8 14. Qd1 Ng6 15. Nb5 Bb8 16. Rxc8 Qxc8 17. Nbd4 Ne4 18. Nxe6 fxe6 19. Qd4 Qd7 20. Rd1 Qf7 21. Rf1 Rc8 22. Bd1 Qf6 23. Qxf6 gxf6 24. Nd4 Kf7 25. Bh5 e5 26. Bg4 Re8 27. Nf5 Nd6 28. Nxd6+ Bxd6 29. Rd1 Rd8 30. Rxd5 Ne7 31. Rd1 f5 32. Bxe5 1-0

[Event "EU-chT Seniors 09th"]
[Site "Dresden"]
[Date "2007.02.21"]
[Round "6"]
[White "Schlinkert, Karl"]
[Black "Vasques, Jose Claudio de Sou"]
[Result "1/2-1/2"]
[WhiteElo "2102"]
[BlackElo "1915"]
[PlyCount "48"]
[EventDate "2007.02.16"]
[EventType "team-swiss"]
[EventRounds "9"]
[EventCountry "GER"]
[SourceTitle "CBM 117 Extra"]
[Source "ChessBase"]
[SourceDate "2007.05.09"]
[SourceVersion "1"]
[SourceVersionDate "2007.05.09"]
[SourceQuality "1"]

1. d4 Nf6 2. c4 b6 3. e3 e6 4. Be2 Bb7 5. Nf3 d5 6. 0-0 Be7 7. cxd5 Nxd5 8. Nc3 0-0 9. Nxd5 Qxd5 10. Ne1 c5 11. Bf3 Qd7 12. Bxb7 Qxb7 13. Qf3 Qxf3 14. Nxf3 Nc6 15. dxc5 Bxc5 16. Bd2 Bb4 17. Rac1 Bxd2 18. Rxc6 Bb4 19. a3 Be7 20. Rfc1 Bf6 21. R1c2 Rfd8 22. Kf1 g6 23. Ke2 Rd7 24. e4 h6 1/2-1/2

[Event "Niedersachsen-ch Seniors op 09th"]
[Site "Bad Bevensen"]
[Date "2006.07.01"]
[Round "8"]
[White "Thielemann, Joachim"]
[Black "Schlinkert, Karl"]
[Result "1/2-1/2"]
[WhiteElo "1825"]
[BlackElo "2025"]
[PlyCount "54"]
[EventDate "2006.06.24"]
[EventType "swiss"]
[EventRounds "9"]
[EventCountry "GER"]
[SourceTitle "EXT 2022"]
[Source "ChessBase"]
[SourceDate "2021.10.06"]
[SourceVersion "1"]
[SourceVersionDate "2021.10.06"]
[SourceQuality "1"]

1. e4 c5 2. g3 Nc6 3. Bg2 g6 4. d3 Bg7 5. c3 e6 6. Be3 b6 7. f4 Nge7 8. Ne2 Ba6 9. 0-0 Rc8 10. Qc2 0-0 11. g4 f5 12. gxf5 gxf5 13. Ng3 d5 14. Rf2 dxe4 15. dxe4 Bd3 16. Qd1 Bxe4 17. Qxd8 Rcxd8 18. Nxe4 Rd1+ 19. Rf1 Rxf1+ 20. Kxf1 fxe4 21. Nd2 Nd5 22. Ke2 Nxe3 23. Kxe3 Bh6 24. Rf1 e5 25. Bxe4 exf4+ 26. Ke2 Ne5 27. Rg1+ Kh8 1/2-1/2

[Event "Niedersachsen-ch Seniors op 09th"]
[Site "Bad Bevensen"]
[Date "2006.06.26"]
[Round "3"]
[White "Schlinkert, Karl"]
[Black "Loechner, Friedrich"]
[Result "1/2-1/2"]
[WhiteElo "2025"]
[BlackElo "1763"]
[PlyCount "36"]
[EventDate "2006.06.24"]
[EventType "swiss"]
[EventRounds "9"]
[EventCountry "GER"]
[SourceTitle "EXT 2022"]
[Source "ChessBase"]
[SourceDate "2021.10.06"]
[SourceVersion "1"]
[SourceVersionDate "2021.10.06"]
[SourceQuality "1"]

1. d4 Nf6 2. c4 e6 3. Nf3 d5 4. Nc3 c6 5. Bg5 Be7 6. e3 dxc4 7. Bxc4 Nd5 8. Bxe7 Qxe7 9. 0-0 0-0 10. Qe2 Nd7 11. Rac1 Re8 12. Rfd1 Nf8 13. Ne5 Kh8 14. e4 Nxc3 15. Rxc3 f6 16. Nf3 Ng6 17. Qd2 b5 18. Bf1 Bb7 1/2-1/2

[Event "Niedersachsen-ch Seniors op 09th"]
[Site "Bad Bevensen"]
[Date "2006.06.24"]
[Round "2"]
[White "Liskien, Horst"]
[Black "Schlinkert, Karl"]
[Result "0-1"]
[WhiteElo "1619"]
[BlackElo "2025"]
[PlyCount "76"]
[EventDate "2006.06.24"]
[EventType "swiss"]
[EventRounds "9"]
[EventCountry "GER"]
[SourceTitle "EXT 2022"]
[Source "ChessBase"]
[SourceDate "2021.10.06"]
[SourceVersion "1"]
[SourceVersionDate "2021.10.06"]
[SourceQuality "1"]

1. e4 c5 2. Nc3 Nc6 3. g3 d6 4. Bg2 g6 5. Nge2 Bg7 6. d3 e6 7. 0-0 Nge7 8. Be3 Nd4 9. Bd2 Nec6 10. a3 Bd7 11. Rb1 Rc8 12. Nxd4 Nxd4 13. Ne2 0-0 14. c3 Nc6 15. Kh1 Ne5 16. Bf4 g5 17. Bxe5 dxe5 18. Bh3 f5 19. exf5 exf5 20. f4 Bc6+ 21. Bg2 Bxg2+ 22. Kxg2 Qd5+ 23. Kg1 gxf4 24. c4 Qc6 25. gxf4 Rcd8 26. Nc3 e4 27. Nd5 Kh8 28. Qe2 Rfe8 29. Rbd1 Bd4+ 30. Kh1 exd3 31. Qxd3 Re4 32. b4 b6 33. b5 Qb7 34. Qh3 Qf7 35. a4 Re2 36. Rd3 Rde8 37. Rxd4 cxd4 38. Qd3 Qg7 0-1

[Event "GER-ch Seniors-A 17th"]
[Site "Essen"]
[Date "2005.08.26"]
[Round "7"]
[White "Schlinkert, Karl"]
[Black "Neese, Hans Joachim"]
[Result "1/2-1/2"]
[WhiteElo "2080"]
[BlackElo "2221"]
[PlyCount "49"]
[EventDate "2005.08.20"]
[EventType "swiss"]
[EventRounds "9"]
[EventCountry "GER"]
[SourceTitle "CBM 108 Extra"]
[Source "ChessBase"]
[SourceDate "2005.11.04"]
[SourceVersion "1"]
[SourceVersionDate "2005.11.04"]
[SourceQuality "1"]

1. d4 d5 2. c4 e6 3. Nf3 Nf6 4. Nc3 c6 5. e3 Nbd7 6. Be2 Bd6 7. Qc2 0-0 8. 0-0 Re8 9. Rd1 Qe7 10. e4 dxe4 11. Ng5 e5 12. c5 Bc7 13. Bc4 Rf8 14. Ncxe4 Nxe4 15. Qxe4 Nf6 16. Qc2 h6 17. dxe5 Qxe5 18. Nf3 Qh5 19. Rd4 Bg4 20. Bf4 Bxf4 21. Rxf4 Rad8 22. Re1 Nd5 23. Bxd5 Rxd5 24. b4 Rfd8 25. h3 1/2-1/2

[Event "Niedersachsen-ch Seniors 39th"]
[Site "Wingst"]
[Date "2005.03.10"]
[Round "8"]
[White "Schlinkert, Karl"]
[Black "Ousatchi, Mark"]
[Result "1-0"]
[WhiteElo "2088"]
[BlackElo "2120"]
[PlyCount "79"]
[EventDate "2005.03.03"]
[EventType "swiss"]
[EventRounds "9"]
[EventCountry "GER"]
[SourceTitle "EXT 2006"]
[Source "ChessBase"]
[SourceDate "2005.11.24"]
[SourceVersion "1"]
[SourceVersionDate "2005.11.24"]
[SourceQuality "1"]

1. d4 d5 2. c4 c6 3. e3 Nf6 4. Nf3 Bg4 5. Be2 e6 6. 0-0 Nbd7 7. b3 Bd6 8. Bb2 Qc7 9. h3 Bf5 10. Nc3 h6 11. Rc1 Ne4 12. cxd5 Nxc3 13. Rxc3 exd5 14. Bd3 Bxd3 15. Qxd3 Nf6 16. Rc2 0-0 17. Ne5 Rfe8 18. f4 Ne4 19. Rf3 f6 20. Ng4 Qd7 21. Nh2 Re7 22. g4 Rf8 23. Rg2 Ref7 24. h4 g5 25. Bc1 Rg7 26. hxg5 fxg5 27. f5 Rf6 28. Rh3 Re7 29. Nf3 Bb4 30. a3 Ba5 31. Ne5 Qe8 32. b4 Bc7 33. Bb2 a6 34. Rgh2 Kg7 35. Rc2 Bd6 36. Kg2 Rxe5 37. dxe5 Bxe5 38. Bxe5 Qxe5 39. Qd4 Qd6 40. Rc1 1-0

[Event "Niedersachsen-ch Seniors 39th"]
[Site "Wingst"]
[Date "2005.03.09"]
[Round "7"]
[White "Schlinkert, Karl"]
[Black "Hilburt, Leonid"]
[Result "0-1"]
[WhiteElo "2088"]
[BlackElo "2247"]
[PlyCount "90"]
[EventDate "2005.03.03"]
[EventType "swiss"]
[EventRounds "9"]
[EventCountry "GER"]
[SourceTitle "EXT 2006"]
[Source "ChessBase"]
[SourceDate "2005.11.24"]
[SourceVersion "1"]
[SourceVersionDate "2005.11.24"]
[SourceQuality "1"]

1. d4 d5 2. c4 e6 3. Nf3 Nf6 4. e3 Be7 5. Nc3 Nbd7 6. Be2 0-0 7. 0-0 dxc4 8. Bxc4 c5 9. Qe2 b6 10. Rd1 Bb7 11. e4 Rc8 12. d5 exd5 13. exd5 Bd6 14. Bg5 Re8 15. Qd3 Ne5 16. Nxe5 Bxe5 17. Bb5 Rf8 18. Qf5 Bd4 19. Bd3 g6 20. Qh3 Qd7 21. Qxd7 Nxd7 22. Be7 Rfe8 23. d6 a6 24. Be4 Bxe4 25. Nxe4 Bxb2 26. Rab1 Bd4 27. Rxd4 cxd4 28. Nf6+ Nxf6 29. Bxf6 Red8 30. Bxd8 Rxd8 31. Rxb6 a5 32. Kf1 Kg7 33. Ke2 Kf6 34. Kf3 Ke6 35. Ke4 Rc8 36. Ra6 Rc2 37. Rxa5 Rxf2 38. a4 Rxg2 39. Ra6 Rxh2 40. a5 h5 41. Rb6 Ra2 42. a6 h4 43. Kxd4 h3 44. d7+ Kxd7 45. Rb7+ Ke6 0-1

[Event "Niedersachsen-ch Seniors 39th"]
[Site "Wingst"]
[Date "2005.03.04"]
[Round "2"]
[White "Diskin, Semen"]
[Black "Schlinkert, Karl"]
[Result "1/2-1/2"]
[WhiteElo "2014"]
[BlackElo "2088"]
[PlyCount "56"]
[EventDate "2005.03.03"]
[EventType "swiss"]
[EventRounds "9"]
[EventCountry "GER"]
[SourceTitle "EXT 2006"]
[Source "ChessBase"]
[SourceDate "2005.11.24"]
[SourceVersion "1"]
[SourceVersionDate "2005.11.24"]
[SourceQuality "1"]

1. g3 Nf6 2. Nf3 d5 3. Bg2 c5 4. 0-0 Nc6 5. d3 e6 6. Nbd2 Be7 7. e4 0-0 8. Re1 Qc7 9. a4 b6 10. c3 Ba6 11. Qc2 Rac8 12. Bf1 Rfd8 13. Nb3 dxe4 14. dxe4 Bxf1 15. Kxf1 e5 16. Bg5 Rd6 17. Rad1 Rcd8 18. Rxd6 Qxd6 19. Bxf6 Bxf6 20. Ke2 Qe6 21. Rd1 Qc4+ 22. Ke1 Rxd1+ 23. Kxd1 Qxa4 24. Nbd2 Qa6 25. Qb3 g6 26. Qd5 Qc8 27. Nc4 Qc7 28. Nd6 Qd7 1/2-1/2

[Event "GER-chA Seniors 16th"]
[Site "Templin"]
[Date "2004.09.12"]
[Round "9"]
[White "Schlinkert, Karl"]
[Black "Lainburg, Victor"]
[Result "1/2-1/2"]
[WhiteElo "2092"]
[BlackElo "2223"]
[PlyCount "67"]
[EventDate "2004.09.04"]
[EventType "swiss"]
[EventRounds "9"]
[EventCountry "GER"]
[SourceTitle "EXT 2005"]
[Source "ChessBase"]
[SourceDate "2004.11.15"]
[SourceVersion "1"]
[SourceVersionDate "2004.11.15"]
[SourceQuality "1"]

1. d4 g6 2. c4 Bg7 3. Nc3 c5 4. e3 Nf6 5. Nf3 0-0 6. Be2 cxd4 7. exd4 d5 8. 0-0 Nc6 9. h3 e6 10. Bg5 h6 11. Bf4 Ne4 12. Rc1 Qf6 13. Be5 Nxe5 14. dxe5 Qd8 15. cxd5 Nxc3 16. Rxc3 exd5 17. Qd4 Re8 18. Bb5 Re7 19. Rd1 Be6 20. Bc4 a6 21. Bb3 Rd7 22. Rdc1 Qe7 23. Qb6 d4 24. Rc8+ Rxc8 25. Rxc8+ Kh7 26. Ba4 Rd5 27. Rc7 Qd8 28. Qxb7 d3 29. Rc1 Bxe5 30. Rd1 Qd6 31. Bb3 Rb5 32. Qe4 Bd5 33. Qxd3 Bxf3 34. Qxf3 1/2-1/2

[Event "GER-chA Seniors 16th"]
[Site "Templin"]
[Date "2004.09.06"]
[Round "3"]
[White "Schlinkert, Karl"]
[Black "Luetje, Juergen"]
[Result "1-0"]
[WhiteElo "2088"]
[BlackElo "2018"]
[PlyCount "81"]
[EventDate "2004.09.04"]
[EventType "swiss"]
[EventRounds "9"]
[EventCountry "GER"]
[SourceTitle "EXT 2005"]
[Source "ChessBase"]
[SourceDate "2004.11.15"]
[SourceVersion "1"]
[SourceVersionDate "2004.11.15"]
[SourceQuality "1"]

1. Nf3 d5 2. d4 Nf6 3. g3 e6 4. Bg2 c5 5. 0-0 Nc6 6. e3 b6 7. Re1 Bb7 8. c4 Be7 9. Nc3 cxd4 10. exd4 0-0 11. cxd5 Nxd5 12. Nxd5 exd5 13. a3 Bf6 14. Bf4 Re8 15. Qd3 Rxe1+ 16. Rxe1 Ne7 17. h4 Bc8 18. Be5 Bxe5 19. Nxe5 Be6 20. Qe2 Rc8 21. Nxf7 Bxf7 22. Qxe7 Qxe7 23. Rxe7 Rc1+ 24. Kh2 Rc2 25. Rxa7 Kf8 26. b3 Rxf2 27. Ra4 Ra2 28. g4 b5 29. Ra8+ Ke7 30. Ra7+ Kf8 31. a4 bxa4 32. Ra8+ Be8 33. bxa4 Rd2 34. a5 Rxd4 35. a6 Ke7 36. a7 Bc6 37. Rc8 Ra4 38. Rxc6 Rxa7 39. Bxd5 Ra3 40. Kg2 h6 41. Rg6 1-0